Irrigation in a monsoon land : (Record no. 73683)
[ view plain ]
| 000 -LEADER | |
|---|---|
| fixed length control field | 00729nam a2200229 a 4500 |
| 001 - CONTROL NUMBER | |
| control field | 73683 |
| 003 - CONTROL NUMBER IDENTIFIER | |
| rucl marc code | BD-RjUL |
| 005 - DATE AND TIME OF LATEST TRANSACTION | |
| control field | 20211209082430.0 |
| 008 - FIXED-LENGTH DATA ELEMENTS--GENERAL INFORMATION | |
| fixed length control field | 170606s1968 bg a b 001 0 eng |
| 035 ## - SYSTEM CONTROL NUMBER | |
| System control number | (BD-RjUL)73901 |
| 040 ## - CATALOGING SOURCE | |
| Original cataloging agency | DLC |
| Transcribing agency | DLC |
| Modifying agency | DLC |
| -- | BD-RjUL |
| Language of cataloging | eng |
| 041 ## - LANGUAGE CODE | |
| Language code of text/sound track or separate title | eng |
| 082 00 - DEWEY DECIMAL CLASSIFICATION NUMBER | |
| Edition number | 23 |
| Classification number | 631.587095492 |
| Author mark and year | FAI 1968 |
| 100 1# - MAIN ENTRY--PERSONAL NAME | |
| Personal name | Farouk, A. |
| 9 (RLIN) | 8876 |
| 245 10 - TITLE STATEMENT | |
| Title | Irrigation in a monsoon land : |
| Remainder of title | economics of farming in the Ganges-Kobadak / |
| Statement of responsibility, etc. | A. Farouk. |
| 260 ## - PUBLICATION, DISTRIBUTION, ETC. (IMPRINT) | |
| Place of publication, distribution, etc. | Dacca : |
| Name of publisher, distributor, etc. | Bureau of Economic Research, University of Dacca, |
| Date of publication, distribution, etc. | 1968 |
| 300 ## - PHYSICAL DESCRIPTION | |
| Pagination | iii, 169 p. : |
| Illustrations | ill. ; |
| Size | 24 cm. |
| 504 ## - BIBLIOGRAPHY, ETC. NOTE | |
| Bibliography, etc | Includes Bibliography and index |
| 650 #0 - SUBJECT ADDED ENTRY--TOPICAL TERM | |
| Topical term or geographic name as entry element | Irrigation |
| Geographic subdivision | Bangladesh. |
| 9 (RLIN) | 218102 |
| 942 ## - ADDED ENTRY ELEMENTS (KOHA) | |
| Source of classification or shelving scheme | Dewey Decimal Classification |
| Koha item type | Books |
| Lost status | Source of classification or shelving scheme | Damaged status | Not for loan | Collection code | Permanent Location | Current Location | Shelving location | Date acquired | Source of acquisition | Cost, normal purchase price | Total Checkouts | Full call number | Date last seen | Copy number | Koha item type |
|---|---|---|---|---|---|---|---|---|---|---|---|---|---|---|---|
| Dewey Decimal Classification | Not For Loan | Non-fiction | Central Library, University of Rajshahi | Central Library, University of Rajshahi | Reading Room | 16/05/1974 | Oxford University press | 10.00 | 631.587095492 FAI 1968 | 06/06/2017 | C-1 | Books | |||
| Dewey Decimal Classification | Non-fiction | Central Library, University of Rajshahi | Central Library, University of Rajshahi | 16/05/1974 | Oxford University press | 10.00 | 631.587095492 FAI 1968 | 06/06/2017 | C-2 | Books | |||||
| Dewey Decimal Classification | Non-fiction | Central Library, University of Rajshahi | Central Library, University of Rajshahi | 16/05/1974 | Oxford University press | 10.00 | 631.587095492 FAI 1968 | 06/06/2017 | C-3 | Books | |||||
| Dewey Decimal Classification | Non-fiction | Central Library, University of Rajshahi | Central Library, University of Rajshahi | 16/05/1974 | Oxford university | 10.00 | 631.587095492 FAI 1968 | 12/12/2018 | C-4 | Books | |||||
| Dewey Decimal Classification | Non-fiction | Central Library, University of Rajshahi | Central Library, University of Rajshahi | 16/05/1974 | Oxford University press | 10.00 | 631.587095492 FAI 1968 | 15/12/2018 | C-5 | Books | |||||
| Dewey Decimal Classification | Non-fiction | Central Library, University of Rajshahi | Central Library, University of Rajshahi | 16/05/1974 | Oxford University press | 10.00 | 631.587095492 FAI 1968 | 15/12/2018 | C-6 | Books | |||||
| Dewey Decimal Classification | Non-fiction | Central Library, University of Rajshahi | Central Library, University of Rajshahi | 24/01/1969 | Oxford University press | 10.00 | 631.587095492 FAI 1968 | 26/01/2019 | C-7 | Books |